Αειφόρος σχεδίαση διαδραστικών συστημάτων : μελέτη περίπτωσης για τη σχεδίαση εφαρμογής φορητού τηλεφώνου για την απομακρυσμένη διαχείριση του κλιματισμού στο Α' Γυμνάσιο Ερμούπολης : διπλωματική εργασία
Ο σκοπός της διπλωματικής εργασίας είναι η ανάπτυξη μιας εφαρμογής smartphone σε περιβάλλον windows, για τη ρύθμιση του κλιματισμού στο χώρο του Α' Γυμνασίου Ερμούπολης όπου στεγάζεται το Τμήμα Μηχανικών Σχεδίασης Προϊόντων και Συστημάτων του Πανεπιστημίου Αιγαίου, στη Σύρο. Το συγκεκριμένο εγχ...
Αποθηκεύτηκε σε:
| Κύριος συγγραφέας: | |
|---|---|
| Συγγραφή απο Οργανισμό/Αρχή: | |
| Μορφή: | Thesis Βιβλίο |
| Γλώσσα: | Greek |
| Δημοσίευση: |
2013.
|
| Θέματα: | |
| Διαθέσιμο Online: | http://hdl.handle.net/11610/9081 |
| Ετικέτες: |
Προσθήκη ετικέτας
Δεν υπάρχουν, Καταχωρήστε ετικέτα πρώτοι!
|
MARC
| LEADER | 00000cam a2200000 i 4500 | ||
|---|---|---|---|
| 001 | 1/37846 | ||
| 008 | 131030s2013 gr |||||||||||||| | gre|| | ||
| 035 | |l 10115910 | ||
| 040 | |a GR-MyUa |b gre |e AACR2 | ||
| 041 | 0 | |a gre | |
| 082 | 0 | |a 697.93 |2 (22) | |
| 100 | 1 | |a Δερμιντζόγλου, Νικόλαος. | |
| 245 | 1 | 0 | |a Αειφόρος σχεδίαση διαδραστικών συστημάτων : |b μελέτη περίπτωσης για τη σχεδίαση εφαρμογής φορητού τηλεφώνου για την απομακρυσμένη διαχείριση του κλιματισμού στο Α' Γυμνάσιο Ερμούπολης : διπλωματική εργασία / |c Δερμιντζόγλου Νικόλαος ; επιβλέπων καθηγητής: Κουτσαμπάσης Παναγιώτης. |
| 260 | |c 2013. | ||
| 300 | |a 177 φύλλα : |b εικ. ; |c 30 εκ. | ||
| 502 | |a Πτυχιακή εργασία - Πανεπιστήμιο Αιγαίου, Σύρος, 2013. | ||
| 504 | |a Βιβλιογραφία: σ. 108-111. | ||
| 520 | |a Ο σκοπός της διπλωματικής εργασίας είναι η ανάπτυξη μιας εφαρμογής smartphone σε περιβάλλον windows, για τη ρύθμιση του κλιματισμού στο χώρο του Α' Γυμνασίου Ερμούπολης όπου στεγάζεται το Τμήμα Μηχανικών Σχεδίασης Προϊόντων και Συστημάτων του Πανεπιστημίου Αιγαίου, στη Σύρο. Το συγκεκριμένο εγχείρημα πρόκειται να μελετηθεί από τις σκοπιές της αειφόρου διαδραστικής σχεδίασης. Επίσης, θα γίνει μια αξιολόγηση ευχρηστίας από πραγματικούς χρήστες, ώστε να εντοπισθούν πιθανά προβλήματα της εφαρμογής. Στόχος της εργασίας είναι η διευκόλυνση των ατόμων που εργάζονται στο χώρο του Τμήματος, όσον αφορά τις προσωπικές τους προτιμήσεις στη ρύθμιση θερμοκρασίας, στον χώρο που βρίσκονται την εκάστοτε στιγμή. Τέλος, η εργασία αυτή μπορεί να αποτελέσει οδηγό για την υλοποίηση εφαρμογών ρύθμισης ηλεκτρικών συσκευών σπιτιού ή μεγαλύτερου επαγγελματικού χώρου. | ||
| 650 | 0 | |a Sustainable design. | |
| 650 | 0 | |a Air conditioning |x Control. | |
| 650 | 0 | 0 | |a Dissertations, Academic |z Greece. |
| 700 | 1 | |a Κουτσαμπάσης, Παναγιώτης, |e dgs | |
| 710 | 2 | |a Πανεπιστήμιο Αιγαίου. |b Τμήμα Μηχανικών Σχεδίασης Προϊόντων και Συστημάτων. | |
| 852 | |a INST |b SYROS |c DIATR |e 20131030 |h 697.93 ΔΕΡ |p 005500011043 |q 005500011043 |t DIE |y 23 | ||
| 852 | |a INST |b SYROS |c DIATR |e 20131030 |h 697.93 ΔΕΡ |p 005500011044 |q 005500011044 |t DIE |y 23 | ||
| 856 | |u http://hdl.handle.net/11610/9081 | ||
| 901 | |a BIBL5-2012-1 | ||
| 924 | |a Δερμιντζόγλου |b Νικόλαος |y Σύρος |z 2013-10 | ||
| 970 | |a Κοντού |b Παρασκευή |z 30/10/2013 | ||